Saved by his life. (Record no. 2409)

000 -LEADER
fixed length control field 00476nam a2200157 a 4500
001 - CONTROL NUMBER
control field :::00000133$&:&@@
003 - CONTROL NUMBER IDENTIFIER
control field OkBaRHE
005 - DATE AND TIME OF LATEST TRANSACTION
control field 20100331150151.0
008 - FIXED-LENGTH DATA ELEMENTS--GENERAL INFORMATION
fixed length control field s1964 j 000 0 eng u
040 ## - CATALOGING SOURCE
Transcribing agency
100 1# - MAIN ENTRY--PERSONAL NAME
Personal name Brokke, Harold J.
245 10 - TITLE STATEMENT
Title Saved by his life.
260 ## - PUBLICATION, DISTRIBUTION, ETC. (IMPRINT)
Place of publication, distribution, etc Minneapolis, Minnesota
Name of publisher, distributor, etc Bethany Fellowship, Inc.
Date of publication, distribution, etc 1964
942 ## - ADDED ENTRY ELEMENTS (KOHA)
Source of classification or shelving scheme
Koha item type Books
Copies
Shelving location Damaged status Lost status Barcode Date last seen Date acquired Withdrawn status Copy number Source of classification or shelving scheme Koha item type Permanent Location Not for loan Price effective from Full call number
General Stacks  1332018-03-282010-04-14 1 BooksRHEMA Bible Training College 2010-04-14BS 2665.3 .B7 S2